| 000 | 01059nam a22002777i 4500 | ||
|---|---|---|---|
| 003 | EG-ScBUE | ||
| 005 | 20260512103154.0 | ||
| 008 | 110801s1994 xxxa frb 000 0 ara d | ||
| 017 | _a1996 / 2877 | ||
| 040 |
_aEG-ScBUE _bara _erda _cEG-ScBUE _dEG-ScBUE |
||
| 082 | 0 | 4 |
_a531.6 _bش م ع _222 |
| 100 | 1 |
_926520 _aشمعة، محمود علي، _eمؤلف. |
|
| 245 | 1 | 0 |
_aأنواع الطاقة وتحويلاتها / _cتأليف المهندس الإستشاري محمود على شمعة. |
| 250 | _aالطبعة الأولى. | ||
| 264 | 1 |
_a[مكان النشر غير محدد] : _b[الناشر غير محدد]، _c1994. |
|
| 300 |
_a359 صفحة : _bإيضاحيات ؛ _c24 سم |
||
| 336 |
_2rdacontent _aنص _btxt |
||
| 337 |
_aبدون وسيط _2rdamedia _bn |
||
| 338 |
_aمجلد _bnc _2rdacarrier |
||
| 504 | _aيشتمل على إرجاعات ببليوجرافية. | ||
| 650 | 7 |
_917536 _aالطاقة. _2BUEsh |
|
| 650 | 7 |
_926521 _aالطاقة _xتحويل. _2BUEsh |
|
| 653 | _cAugust2011 | ||
| 655 | _vReading book | ||
| 942 |
_2ddc _cBB |
||
| 999 |
_c15769 _d15769 |
||